Working women : international perspectives on labour and gender ideology

Saved in:
Bibliographic Details
Other Authors: Redclift, Nanneke (edtf), Sinclair, M. Thea (edtf)
Format: Book
Language:English
Published: London ; New York : Routledge, c1991.
Subjects:
Tags: Add Tag
No Tags, Be the first to tag this record!

MARC

LEADER 00000cam a2200000 i 4500
001 1/25858
008 981209s1991 enk| ||| |||| ||eng||
020 |a 0415018439  |q (χαρτόδετο) 
035 |l 10037438 
040 |a GR-MY-UA  |b gre  |e aacr 
041 0 |a eng 
082 0 |a 331.4  
245 0 0 |a Working women :   |b international perspectives on labour and gender ideology /   |c edited by Nanneke Redclift and M. Thea Sinclair.  
260 |a London ;   |a New York :   |b Routledge,   |c c1991.  
300 |a 242 σ.   |c 22 εκ.  
504 |a Περιλαμβάνει βιβλιογραφικές παραπομπές και ευρετήριο.  
650 0 0 |a Women  |x Employment. 
650 0 0 |a Feminism. 
700 1 |a Redclift, Nanneke,  |e edtf 
700 1 |a Sinclair, M. Thea,  |e edtf 
852 |a INST  |b LESVOS  |e 19981209  |h 331.4 WOR  |p 005100017612  |q 005100017612  |t BK  |y 0 
852 |a INST  |b LESVOS  |e 20231115  |h 331.4 WOR  |p 005100065726  |q 005100065726  |t BK  |y 0 
901 |a BIBL-1999-1 
922 |a 1ΕΛΗ  |b 199811  |c ΚΠΣ/ΤΚ  |d ΠΑΠΑΣΩΤΗΡΙΟΥ 
950 |a 103-1998-07-27